000 01038nam a2200241 i 4500
001 37505
003 ES-MaACL
005 20230906155604.0
007 t|
008 030312s1921 sp ||||1| spa d
080 _a061.21(460.27) Ateneo
080 _a327(460:8=134.2)
080 _a327(8=134.2:460)
100 1 _aCola, Julio.
_9161555
245 1 0 _aPolítica entre España y América
_b: [memoria] /
_cJulio Cola, secretario 1º de la Sección de Ciencias Históricas del Ateneo de Madrid.
260 _aMadrid :
_bAmbos Mundos,
_c1921.
300 _a86 p. ;
_c18 cm.
500 _a"Tema sometido a examen de la Junta general extraordinaria que se celebró el día 18 de marzo, y que fue aprobado por unanimidad. Memoria leída en la sesión verificada en día 7 de abril de 1921"
610 2 _aAteneo de Madrid.
_bSección de Ciencias Históricas-
_vMemorias.
_91982
651 4 _aEspaña-
_xRelaciones-
_zAmérica española.
_98453
651 4 _aAmérica española-
_xRelaciones-
_zEspaña.
_97736
852 _aES-MaACL
_j1610-F-2
999 _c37505
_d37505